THE COMING WAVE AL POWER AND OUR FUTURE (Record no. 32136)
[ view plain ]
| 000 -LEADER | |
|---|---|
| fixed length control field | 00325nam a22001457a 4500 |
| 003 - CONTROL NUMBER IDENTIFIER | |
| control field | SGT |
| 020 ## - INTERNATIONAL STANDARD BOOK NUMBER | |
| International Standard Book Number | 9781529923834 |
| 082 ## - DEWEY DECIMAL CLASSIFICATION NUMBER | |
| Classification number | 006.3 |
| Item number | SUL |
| 100 ## - MAIN ENTRY--PERSONAL NAME | |
| Personal name | SULEYMAN MUSTAFA |
| 245 ## - TITLE STATEMENT | |
| Title | THE COMING WAVE AL POWER AND OUR FUTURE |
| 260 ## - PUBLICATION, DISTRIBUTION, ETC. (IMPRINT) | |
| Place of publication, distribution, etc | INDIA |
| Year of Publication | 2023 |
| Name of publisher, distributor, etc | VINTAGE PUB. |
| 300 ## - PAGE DESCRIPTION | |
| No. of Pages | 332 |
| 650 ## - SUBJECT ADDED ENTRY--TOPICAL TERM | |
| Topical term or geographic name as entry element | BJMC |
| 942 ## - ADDED ENTRY ELEMENTS (KOHA) | |
| Source of classification or shelving scheme | Dewey Decimal Classification |
| Koha item type | Books |
| Withdrawn status | Lost status | Source of classification or shelving scheme | Damaged status | Not for loan | Home library | Current library | Date acquired | Vendor Name | SGTU | Bill Number | Total Checkouts | Full call number | Accession No. (Barcode) | Date last seen | Bill Date | Koha item type |
|---|---|---|---|---|---|---|---|---|---|---|---|---|---|---|---|---|
| Dewey Decimal Classification | SGT Science & Social Sciences Library | SGT Science & Social Sciences Library | 21/07/2025 | BRIJWASHI DELHI | SGTU | BW/000214 | 006.3 SUL | MC1261 | 21/07/2025 | Books | ||||||
| Dewey Decimal Classification | SGT Science & Social Sciences Library | SGT Science & Social Sciences Library | 21/07/2025 | BRIJWASHI DELHI | SGTU | BW/000214 | 006.3 SUL | MC1262 | 21/07/2025 | Books | ||||||
| Dewey Decimal Classification | SGT Science & Social Sciences Library | SGT Science & Social Sciences Library | 21/07/2025 | BRIJWASHI DELHI | SGTU | BW/000214 | 006.3 SUL | MC1263 | 21/07/2025 | Books | ||||||
| Dewey Decimal Classification | SGT Science & Social Sciences Library | SGT Science & Social Sciences Library | 21/07/2025 | BRIJWASHI DELHI | SGTU | BW/000214 | 006.3 SUL | MC1264 | 21/07/2025 | Books | ||||||
| Dewey Decimal Classification | SGT Science & Social Sciences Library | SGT Science & Social Sciences Library | 21/07/2025 | BRIJWASHI DELHI | SGTU | BW/000214 | 006.3 SUL | MC1265 | 21/07/2025 | Books |